000 00287nam a2200121Ia 4500
005 20251222141847.0
008 251222s9999||||xx |||||||||||||| ||spa||
020 _a9968-41-047-0
082 _a249.8/N29
245 0 _aCarta de los Derechos de la Familia
264 _bPromesa
942 _cLIB
999 _c7620
_d7620